| 000 | 00624nam a22001937a 4500 | ||
|---|---|---|---|
| 003 | NUST | ||
| 005 | 20220831102517.0 | ||
| 008 | 190626b ||||| |||| 00| 0 eng d | ||
| 038 | _aMr. Zahoor | ||
| 082 | _a621.3 | ||
| 100 |
_aFarid Ullah Khan _915584 |
||
| 245 |
_aImpact of Fiber Type on Data Modulated Distributed Raman Amplification/ _cFarid Ullah Khan |
||
| 260 |
_aIslamabad: _bSEECS -NUST _c2018. |
||
| 300 |
_ax, 44p. ill. ; _c30cm |
||
| 500 | _aHardcover. | ||
| 600 |
_2EE Engineering - MS Thesis _aFarid Ullah Khan _915584 |
||
| 856 | _uhttp://10.250.8.41:8080/xmlui/handle/123456789/17229 | ||
| 942 |
_2ddc _cTHE |
||
| 999 |
_c524793 _d524793 |
||